| 000 | 00504nam a2200121Ia 4500 | ||
|---|---|---|---|
| 008 | 220615s9999||||xx |||||||||||||| ||und|| | ||
| 100 | _aNurhan Onar Camlibel | ||
| 245 | 0 | _aPolyester - Production, Characterization and Innovative Applications | |
| 546 | _aEnglish[eng] | ||
| 650 | _aPhysical Sciences||Engineering and Technology||Chemistry||Polymer Chemistry||Organic Chemistry | ||
| 856 | _uhttps://www.intechopen.com/books/polyester-production-characterization-and-innovative-applications | ||
| 942 | _cEB | ||
| 999 |
_c12133 _d12133 |
||